000 01600nam2a22002651 4500
001 rc\4123975
005 20250611101300.0
021 _aRU
_b[55-62754]
035 _a(NLR Aleph) 008153755
090 _a7784356
_c7784356
100 _a20130415d1955 |||y0rusy50 ca
101 0 _arus
102 _aRU
105 _ay z |||||
200 1 _aПредприятия и сооружения связи и сигнализации
210 _aМосква
_cГосстройиздат
_d1955
215 _a40 с.
461 0 _1001rc\4123950
_12001#$aСправочник укрупненных показателей стоимости проектных и изыскательских работ$e[Утв. 1/VII 1955 г.]$fГос. ком. Совета Министров СССР по делам строительства$vЧ. 25
_97784305
_aСССР. Комитет по делам строительства
_cМосква
_d1955
_fГос. ком. Совета Министров СССР по делам строительства
_nГосстройиздат
_o[Утв. 1/VII 1955 г.]
_tСправочник укрупненных показателей стоимости проектных и изыскательских работ
_vЧ. 25
606 _aСооружения связи
_xПроектирование
_jСправочники (ч. 25)
_2psbo
606 _aСвязь, предприятия
_xПроектирование
_jСправочники (ч. 25)
_2psbo
801 0 _aRU
_bNLR
_gpsbo
801 1 _aRU
_bELAR
_2rusmarc
852 _aNLR
_jПт 80.1/119
942 _cBOOK
980 _aNB